Economía Internacional / (Registro nro. 11534)
[ vista simple ]
| 000 -LEADER | |
|---|---|
| fixed length control field | 01087nam a2200241Ia 4500 |
| 003 - CONTROL NUMBER IDENTIFIER | |
| control field | OSt |
| 005 - DATE AND TIME OF LATEST TRANSACTION | |
| control field | 20210421153343.0 |
| 008 - FIXED-LENGTH DATA ELEMENTS--GENERAL INFORMATION | |
| fixed length control field | 210310s1978 sp ad gr 000 0 spa d |
| 020 ## - INTERNATIONAL STANDARD BOOK NUMBER | |
| International Standard Book Number | 8403180608 |
| 040 ## - CATALOGING SOURCE | |
| Original cataloging agency | CO-JMCR |
| Transcribing agency | CO-JMCR |
| 041 1# - LANGUAGE CODE | |
| Language code of text/sound track or separate title | spa |
| Language code of original | eng |
| 082 04 - DEWEY DECIMAL CLASSIFICATION NUMBER | |
| Classification number | 382 / |
| Item number | K517e |
| Edition number | 23 |
| 100 1# - MAIN ENTRY--PERSONAL NAME | |
| Personal name | Kindleberger, Charles P., |
| Relator term | autor |
| 9 (RLIN) | 25779 |
| 245 #0 - TITLE STATEMENT | |
| Title | Economía Internacional / |
| Statement of responsibility, etc. | Charles P. Kindleberger ; tradución del inglés por, Jesús Ruiz de Cenzano Y Losa |
| 250 ## - EDITION STATEMENT | |
| Edition statement | Séptima edición |
| 260 ## - PUBLICATION, DISTRIBUTION, ETC. | |
| Place of publication, distribution, etc. | Madrid : |
| Name of publisher, distributor, etc. | Aguilar, |
| Date of publication, distribution, etc. | 1978. |
| 300 ## - PHYSICAL DESCRIPTION | |
| Extent | 608 páginas : |
| Other physical details | ilustraciones y gráficas en blanco y negro. |
| Dimensions | 23 cm. |
| 490 0# - SERIES STATEMENT | |
| Series statement | Biblioteca de ciencias sociales |
| 505 ## - FORMATTED CONTENTS NOTE | |
| Formatted contents note | La teoría del comercio internacional. -- Política comercial. -- Distribución internacional de los recursos: imposición y migración. -- El proceso de ajuste. -- Movimiento de capital. -- Equilibrio de la balanza de pagos y acuerdos monetarios internacionales. |
| 650 14 - SUBJECT ADDED ENTRY--TOPICAL TERM | |
| Topical term or geographic name entry element | Comercio internacional |
| 9 (RLIN) | 4034 |
| 700 1# - ADDED ENTRY--PERSONAL NAME | |
| Personal name | Cenzano Y Losa, Jesús Ruiz de, |
| Relator term | traductor |
| 9 (RLIN) | 37033 |
| 942 ## - ADDED ENTRY ELEMENTS (KOHA) | |
| Source of classification or shelving scheme | Dewey Decimal Classification |
| Koha item type | Books |
| Withdrawn status | Lost status | Source of classification or shelving scheme | Damaged status | Not for loan | Home library | Current library | Shelving location | Date acquired | Source of acquisition | Full call number | Barcode | Date last seen | Copy number | Price effective from | Koha item type |
|---|---|---|---|---|---|---|---|---|---|---|---|---|---|---|---|
| Dewey Decimal Classification | Biblioteca Pública José María del Castillo y Rada | Biblioteca Pública José María del Castillo y Rada | General Stacks | 04/15/2018 | Donación | 382 / K517e | 430011616 | 05/16/2024 | Ej.1 | 03/10/2021 | Books |